00694nam a2200193 4500003001100000008004100011040003900052041001300091082001600104111008200120245004900202260005300251300001800304650003300322710003200355942000700387952009100394999001500485LK-CoMWRAF231206b2004 |||||||| |||| 00| 0 eng d aLK-CoMWRAFdLK-CoMWRAFeLK-CoMWRAF aengasin a305.42bWOM a NINTH NATIONAL CONVENTION ON WOMEN'S STUIDES c(Colombo d20-23 March, 2004) aNinth National Convention on Women's Studies a[Colombo]: bCentre for Women's Research, c2004 a109 p.; 21 cm aWomen -Sri Lanka- Congresses aCentre for Women's Research cCP 00104070aMAINbMAINd2023-12-06l0o305.42 WOMpRAF3313r2023-12-06w2023-12-06yCP c4293d4293